书目信息 |
| 题名: |
吕氏春秋
|
|
| 作者: | 吕不韦 著 | |
| 分册: | ||
| 出版信息: | 北京 人民文学出版社 1989.3 |
|
| 页数: | 235页 | |
| 开本: | 20厘米 | |
| 丛书名: | 诸子百家丛书 | |
| 单 册: | ||
| 中图分类: | B229.21 , I211 | |
| 科图分类: | ||
| 主题词: | 杂家 , 文学--作品集--中国 | |
| 电子资源: | ||
| ISBN: | ||
| 000 | 00704nam2 2200265 45 | |
| 001 | 1537947118 | |
| 005 | 20150128125204.26 | |
| 010 | @dCNY2.80 | |
| 100 | @a19921223d1989 ekmy0chiy0121 ea | |
| 101 | 0 | @achi |
| 102 | @aCN@b110000 | |
| 105 | @ay z 000yy | |
| 200 | 10 | @a吕氏春秋@ALU“ SHI CHUN QIU@f(战国)吕不韦著@F( ZHAN GUO ) LU“ BU WEI ZHU |
| 205 | @b影印本 | |
| 210 | @a北京@c人民文学出版社@d1989.3 | |
| 215 | @a235页@d20厘米 | |
| 225 | 2 | @a诸子百家丛书 |
| 410 | 0 | @120010@a诸子百家丛书 |
| 606 | @a杂家 | |
| 606 | 0 | @a文学@x作品集@x中国 |
| 690 | @aB229.21@v三版 | |
| 690 | @aI211@v4 | |
| 701 | 0 | @a吕不韦@ALU“ BU WEI@4著 |
| 801 | 0 | @aCN@bTSSF@c20150128 |
| 905 | @aZUCC@dI211@eJY61 | |
| 吕氏春秋/(战国)吕不韦著.-影印本.-北京:人民文学出版社,1989.3 |
| 235页;20厘米.-(诸子百家丛书) |
| ISBN :CNY2.80 |
| ● |
| 相关链接 |
|
|
|
|
正题名:吕氏春秋
索取号:I211/JY61
 
预约/预借
| 序号 | 登录号 | 条形码 | 馆藏地/架位号 | 状态 | 备注 |
| 1 | 7853942 | 278539422 | 学院路分馆/ [索取号:I211/JY61] | 在馆 |